Spotrebiteľské trendy: obmedzovanie výdavkov

Gespeichert in:
Bibliographische Detailangaben
1. Verfasser: Michalová, Valéria
Format: Buchkapitel
Sprache:Slowakisch
Schlagworte:
Tags: Tag hinzufügen
Keine Tags, Fügen Sie das erste Tag hinzu!

MARC

LEADER 00000naa$a2200000$$$4500
001 0086367
005 20220523134903.5
041 0 |a slo 
044 |a SK 
245 1 0 |a Spotrebiteľské trendy: obmedzovanie výdavkov  |c Valéria Michalová 
610 2 0 |a výdavky 
610 2 0 |a úroveň životná 
610 2 0 |a Slovensko 
610 2 0 |a spotrebitelia 
100 1 |a Michalová, Valéria